The magic raindrop / (Record no. 59905)

MARC details
000 -LEADER
fixed length control field 00587nam a22001697a 4500
005 - DATE AND TIME OF LATEST TRANSACTION
control field 20111222165247.0
020 ## - INTERNATIONAL STANDARD BOOK NUMBER
International Standard Book Number 9788189020279
Terms of availability 100.00
037 ## - SOURCE OF ACQUISITION
Source of stock number/acquisition PUB
100 ## - MAIN ENTRY--PERSONAL NAME
Personal name Dharmarajan, Geeta
245 ## - TITLE STATEMENT
Title The magic raindrop /
Statement of responsibility, etc by Geeta Dharmarajan; art by Bindia Thapar
260 ## - PUBLICATION, DISTRIBUTION, ETC. (IMPRINT)
Place of publication, distribution, etc New Delhi
Name of publisher, distributor, etc Katha
Date of publication, distribution, etc 2005
270 ## - ADDRESS
Address A3 Sarvodaya Enclave, Sri Aurobindo Marg,
City New Delhi
Postal code 110017
300 ## - PHYSICAL DESCRIPTION
Extent unpages
Other physical details ill.
Dimensions 28cm(pbk)
700 ## - ADDED ENTRY--PERSONAL NAME
Personal name Thapar, Bindia
9 (RLIN) 37484
942 ## - ADDED ENTRY ELEMENTS (KOHA)
Source of classification or shelving scheme Dewey Decimal Classification
Item type Children Books
Call number suffix DHA
Holdings
Withdrawn status Lost status Not for loan Home library Current library Date acquired Cost, normal purchase price Full call number Cost, replacement price Koha item type
    Ordered Andrews Gunj Andrews Gunj 22/12/2011 100.00 DHA 100.00 Children Books

© Delhi Public Library
Hit Counter
free hit counter